| 000 | 00689nam a2200229 i 4500 | ||
|---|---|---|---|
| 008 | |||
| 049 | _aMAIN | ||
| 090 |
_aQA152.2 _bSMI |
||
| 100 | 1 | _aSmith, Rolland R. | |
| 245 | 1 | 0 |
_aContemporary algebra : _bbook one / _cRolland R. Smith, Francis G. Lankford [and] Joseph N. Payne. |
| 260 |
_aNew York : _bHarcourt, Brace & World, _cc1962. |
||
| 260 | _aPayne, Joseph N. | ||
| 300 |
_aviii, 504 p. : _bill. ; _c24 cm. |
||
| 500 | _aIncludes index. | ||
| 650 | 0 | _aAlgebra. | |
| 700 | 1 | _aLankford, Francis G. | |
| 907 |
_a.b10346077 _b24-09-14 _c07-08-14 |
||
| 003 | |||
| 005 | 20230120144455.0 | ||
| 040 | _cNUST | ||
| 942 |
_cBOOKS _kQA152.2 _mSMI |
||
| 999 |
_c97510 _d97510 |
||